Une chapelle d'Hatshepsout à Karnak

محفوظ في:

المؤلف الرئيسي: Pierre Lacau

مؤلفون آخرون: Henri Chevrier

التنسيق: كتاب

اللغة: Undetermined

منشور في: Caire Service des antiquités de l'Egypte : Institut français d'archéologie orientale du Caire 1977-79

سلاسل: Publications de l'Institut français d'archéologie orientale du Caire

الموضوعات:

الوسوم: إضافة وسم

لا توجد وسوم, كن أول من يضع وسما على هذه التسجيلة!

رقم الطلب: (O.S) DT 73 .K4 .L19

LEADER 00720nam a2200181Ia 4500
008 221002s9999||||xx |||||||||||||| ||und||
050 4 |a (O.S) DT 73 .K4 .L19 
100 1 |a Pierre Lacau 
245 1 0 |a  Une chapelle d'Hatshepsout à Karnak 
264 1 |a Caire  |b Service des antiquités de l'Egypte : Institut français d'archéologie orientale du Caire  |c 1977-79 
300 |a 2.v  |c 51 cm 
490 0 |a  Publications de l'Institut français d'archéologie orientale du Caire 
650 4 |a Chapels Egypt Karnak  
650 4 |a Egypt Antiquities  
700 1 |a  Henri Chevrier 
942 |2 lcc  |c BK 
952 |0 0  |1 0  |2 lcc  |4 0  |7 1  |9 43056  |a ARCE  |b ARCE  |d 2022-10-02  |l 0  |o (O.S) DT 73 .K4 .L19  |r 2022-10-02 00:00:00  |w 2022-10-02  |y BK 
999 |c 49612  |d 49612